Fiscal policy in theplanned economy / (Record no. 12415)
[ view plain ]
| 000 -LEADER | |
|---|---|
| fixed length control field | 00362cam a2200145ua 4500 |
| 041 ## - LANGUAGE CODE | |
| Language code of text/sound track or separate title | eng |
| 082 ## - DEWEY DECIMAL CLASSIFICATION NUMBER | |
| Classification number | 338.9 |
| Item number | MAT/FI |
| 100 ## - MAIN ENTRY--AUTHOR NAME | |
| Personal name | Mathew, T . |
| 245 ## - TITLE STATEMENT | |
| Title | Fiscal policy in theplanned economy / |
| 260 ## - PUBLICATION, DISTRIBUTION, ETC. (IMPRINT) | |
| Place of publication | New Delhi : |
| Name of publisher | S.Chand & Sons , |
| Year of publication | 1960. |
| 300 ## - PHYSICAL DESCRIPTION | |
| Number of Pages | 51 ; . |
| 942 ## - ADDED ENTRY ELEMENTS (KOHA) | |
| Koha item type | Books |
| Withdrawn status | Lost status | Damaged status | Home library | Current library | Date acquired | Full call number | Accession Number | Koha item type |
|---|---|---|---|---|---|---|---|---|
| Withdrawn | KAUAET | Sanskrit University | 07/04/2012 | 338.9 | 10505 | Books |
